Responses for Show #3212 - Tuesday, July 14, 1998

Contestants

[<< previous game]

William Toren, a copy editor from Northridge, California

Maya Ginsberg, a musician and teacher from San Diego, California

Mike Kelley, a high school physics teacher from Newburgh, Indiana (whose 1-day cash winnings total $15,300)

[next game >>]

Jeopardy! Round responses

PRESIDENTS & FIRST LADIES
SUNSET BLVD.
LANGUAGES
5' 10" FEMMES
'90s MOVIES
CROSSWORD CLUES "I"
    $100 1
Betty Ford

Mike
    $100 21
the Sunset Strip

William
    $100 28
Italian

William
    $100 7
Nicole Kidman

Mike
    $100 12
The Full Monty

Mike
    $100 6
iceberg

William
    $200 2
Andrew Johnson

Mike
    $200 22
UCLA

Mike
    $200 30
Portuguese

William
    $200 17
Liv Tyler

William
    $200 13
Good Will Hunting

Maya
    $200 8
invert

William
    $300 3
James K. Polk

Triple Stumper
    $300 23
Johnny Depp

William
    $300 29
(Alex: I'm glad one of you came up with that, otherwise, back to Wheel of Fortune for you!)

Swedish

Mike
    $300 18
Jenna Elfman

William
    $300 14
Con Air

William
    $300 9
ivories

Mike
    $500 4
(Mike: Who was McKinley?)

Warren G. Harding

Mike
    $400 24
"Dead Man's Curve"

Mike
    $400 27
Dutch

William
    $400 19
Gwyneth Paltrow

Maya
    $400 15
[Grosse Pointe Blank]

John Cusack

William
    $400 10
(Mike: What is an inspiration?)

interjection

MikeWilliam
    $500 5
William McKinley

Triple Stumper
    $500 25
(Alex: We have less than a minute to go.)

Schwab's

Triple Stumper
    $500 26
Greek

Mike
    $500 20
Daryl Hannah

William
    $500 16
Great Expectations

William
    $500 11
inventory

Mike

Scores at the first commercial break (after clue 15):

Mike Maya William
$400 $200 $1,400

Scores at the end of the Jeopardy! Round:

Mike Maya William
$1,800 $600 $4,000

Double Jeopardy! Round responses

WE'VE REACHED A PLATEAU
(Alex: Obviously!)
WORKOUT VIDEOS
20th CENTURY ART
"HEAD"S
TALES
YOU LOSE!
    $200 7
the Andes

Mike
    $200 19
Chuck Norris

William
    $200 21
Norman Rockwell

Mike
    $200 1
a doubleheader

William
    $200 6
"The Legend of Sleepy Hollow"

William
    $400 16
Tibet

William
    $400 29
[The end-of-round signal sounds.]

Baywatch

Mike
    $400 25
Dadaism

William
    $400 2
a letterhead

William
    $400 8
William Faulkner

Triple Stumper
    $400 12
Nelson Rockefeller

William
    $600 17
South Africa

William
    $600 22
(Mike: I'm sorry, no.)

Rachel Hunter

Mike
Triple Stumper
    $2,000 26
(Alex: And we're running out of time.)

Marc Chagall

William
    $600 3
Talking Heads

Mike
    $600 9
Edgar Allan Poe

William
    $600 13
Alexander the Great

William
    $800 18
Transylvania

Maya
    $800 23
Kathy Smith

Mike
    $800 27
LeRoy Neiman

Mike
    $800 4
"Meathead"

William
    $800 10
Just So Stories

Mike
    $800 14
(William: Who was Merle Haggard?)

Waylon Jennings

MikeWilliam
    $1000 20
Transjordan

Triple Stumper
    $1000 24
MTV

Maya
    $1000 28
(William: What is Mademoiselles d'Avignon?)

Les Demoiselles d'Avignon

William
Triple Stumper
    $1000 5
Edith Head

Maya
    $1,800 11
Jack London

Mike
    $1000 15
Oman

William

Scores at the end of the Double Jeopardy! Round:

Mike Maya William
$7,600 $3,400 $10,000

[wagering suggestions for these scores]

Final Jeopardy! Round responses

WORLD LEADERS
MayaWhat Croatia
$3,399
MikeWhat is Slovakia?
$7,599
WilliamWhat is Lithuania Poland?
$7,600
Lithuania

Final scores:

Mike Maya William
$1 $1 $2,400
2nd place: Monorail Desktop PC & CardScan Plus 300 3rd place: Meade ETX Telescope New champion: $2,400

Game dynamics:

Coryat scores:

Mike Maya William
$7,300 $3,400 $8,600
19 R
(including 1 DD),
3 W
(including 1 DD)
5 R,
0 W
27 R
(including 1 DD),
2 W

Combined Coryat: $19,300

[game clues] [game scores] [suggest correction]

Game tape date: Unknown
The J! Archive is created by fans, for fans. Scraping, republication, monetization, and malicious use prohibited; this site may use cookies and collect identifying information. See terms. The Jeopardy! game show and all elements thereof, including but not limited to copyright and trademark thereto, are the property of Jeopardy Productions, Inc. and are protected under law. This website is not affiliated with, sponsored by, or operated by Jeopardy Productions, Inc. Join the discussion at JBoard.tv.